L'oeuf humain et les premiers stades de son développement (Record no. 122073)
[ view plain ]
| 000 -LEADER | |
|---|---|
| campo de control de longitud fija | 00723nam a2200205 i 4500 |
| 001 - NÚMERO DE CONTROL | |
| campo de control | 122073 |
| 003 - IDENTIFICADOR DE NÚMERO DE CONTROL | |
| campo de control | ES-MaACL |
| 005 - FECHA Y HORA DE LA ÚLTIMA TRANSACCIÓN | |
| campo de control | 20251003190024.0 |
| 007 - CAMPO FIJO DE DESCRIPCIÓN FÍSICA--INFORMACIÓN GENERAL | |
| campo de control de longitud fija | t| |
| 008 - DATOS DE LONGITUD FIJA--INFORMACIÓN GENERAL | |
| campo de control de longitud fija | 070214s1905 fr r ||||1| fre d |
| 100 1# - ENTRADA PRINCIPAL--NOMBRE DE PERSONA | |
| Nombre de persona | Potocki, Jules. |
| 9 (RLIN) | 154662 |
| 245 12 - MENCIÓN DEL TÍTULO | |
| Título | L'oeuf humain et les premiers stades de son développement |
| Resto del título | : elements d'embryogénie / |
| Mención de responsabilidad, etc. | par J. Potocki, A. Branca ; préface de Pinard. |
| 260 ## - PUBLICACIÓN, DISTRIBUCIÓN, ETC. | |
| Lugar de publicación, distribución, etc. | Paris : |
| Nombre del editor, distribuidor, etc. | G. Steinheil, |
| Fecha de publicación, distribución, etc. | 1905. |
| 300 ## - DESCRIPCIÓN FÍSICA | |
| Extensión | VIII, 196 p., 7 lám. : |
| Otras características físicas | il. ; |
| Dimensiones | 28 cm. |
| 650 #7 - PUNTO DE ACCESO ADICIONAL DE MATERIA--TÉRMINO DE MATERIA | |
| Término de materia o nombre geográfico como elemento de entrada | Embriología humana |
| Fuente del encabezamiento o término | embne |
| 9 (RLIN) | 144919 |
| 700 1# - ENTRADA AGREGADA--NOMBRE PERSONAL | |
| Nombre de persona | Branca, Albert, |
| Fechas asociadas al nombre | 1868-1929 |
| 9 (RLIN) | 154663 |
| 700 1# - ENTRADA AGREGADA--NOMBRE PERSONAL | |
| Nombre de persona | Pinard, Adolphe, |
| Fechas asociadas al nombre | 1844-1934 |
| 9 (RLIN) | 154655 |
| 852 ## - LOCALIZACIÓN | |
| Ubicación | ES-MaACL |
| Número de control de estantería | B-11151 |
| Estatus retirado | Estado de pérdida | Estado de daño | No para préstamo | Biblioteca de origen | Biblioteca actual | Ubicación en estantería | Fecha de adquisición | Fuente de adquisición | Total de préstamos | Signatura topográfica completa | Código de barras | Visto por última vez | Precio de reemplazo | Tipo de ítem Koha |
|---|---|---|---|---|---|---|---|---|---|---|---|---|---|---|
| Biblioteca del Ateneo de Madrid | Biblioteca del Ateneo de Madrid | Sala Pardo Bazán | 17/01/2008 | B-11151 | 1127214 | 23/02/2023 | 23/02/2023 | Libro impreso |
